Soup Through the Ages: A Culinary History with Period Recipes (Record no. 617749)

MARC details
000 -LEADER
fixed length control field 00403nam a22001457a 4500
008 - FIXED-LENGTH DATA ELEMENTS--GENERAL INFORMATION
fixed length control field 260315b |||||||| |||| 00| 0 eng d
020 ## - INTERNATIONAL STANDARD BOOK NUMBER
ISBN 9780786439614
Paper back/Hardbound PBK
041 ## - LANGUAGE CODE
Language code of text/sound track or separate title ENG
082 ## - DEWEY DECIMAL CLASSIFICATION NUMBER
Classification number 641.813
Item number RUM
100 ## - MAIN ENTRY--AUTHOR NAME
Personal name Victoria R. Rumble
245 ## - TITLE STATEMENT
Title Soup Through the Ages: A Culinary History with Period Recipes
260 ## - PUBLICATION, DISTRIBUTION, ETC. (IMPRINT)
Place of publication LONDON
Name of publisher McFarland
Year of publication 2009
942 ## - ADDED ENTRY ELEMENTS (KOHA)
Koha item type English Books
Holdings
Withdrawn status Lost status Damaged status Not for loan Home library Current library Shelving location Date acquired Full call number Accession Number Price effective from Koha item type
        Anna Centenary Library Anna Centenary Library 6TH FLOOR, A WING 03.11.2010 641.813 RUM 346406   English Books

Find us on the map